{"text_format":"3","workbook":"xlsx","n_sheets":2,"sheets":["SUMMARY","MATERIAL TAKE-OFF"],"not_rendered":{"charts":1,"images":3,"defined_names":3},"read":"whole","date_system":"1900"}

{"sheet":"SUMMARY","index":0,"n_rows":18,"n_cols":4,"rows_kept":18,"merged":[[12,0,12,1],[13,0,13,3],[17,0,17,1]]}
[]
["Project ID:"]
[]
["Address:"]
[]
["No. of Floors:",1]
[]
["Building GSF",2500]
[]
["DIVISION NO.","DESCRIPTION","TOTAL DIV. COST","TOTAL DIV. COST (PER SF)"]
[1000,"General Requirements",{"$f":"'MATERIAL TAKE-OFF'!P19","v":{"v":19334.098619618315,"d":"$19,334"}},{"$f":"C11/$B$8","v":{"v":7.733639447847326,"d":"$7.73"}}]
[26000,"Electrical",{"$f":"'MATERIAL TAKE-OFF'!P93","v":{"v":139798.25466101454,"d":"$139,798"}},{"$f":"C12/$B$8","v":{"v":55.91930186440582,"d":"$55.92"}}]
["PROJECTED COST",null,{"$f":"SUM(C11:C12)","v":{"v":159132.35328063284,"d":"$159,132"}},{"$f":"SUM(D11:D12)","v":{"v":63.65294131225314,"d":"$64"}}]
[]
["OVERHEAD AND PROFIT",{"v":0.2,"d":"20%"},{"$f":"$C$13*B15","v":{"v":31826.47065612657,"d":"$31,826"}},{"$f":"$D$13*B15","v":{"v":12.73058826245063,"d":"$13"}}]
["INSURANCE",{"v":0.03,"d":"3%"},{"$f":"$C$13*B16","v":{"v":4773.970598418985,"d":"$4,774"}},{"$f":"$D$13*B16","v":{"v":1.9095882393675943,"d":"$2"}}]
["CONTINGENCY",{"v":0.05,"d":"5%"},{"$f":"$C$13*B17","v":{"v":7956.617664031643,"d":"$7,957"}},{"$f":"$D$13*B17","v":{"v":3.1826470656126573,"d":"$3"}}]
["SUGGESTED BASE BID",null,{"$f":"SUM(C13:C17)","v":{"v":203689.41219921006,"d":"$203,689"}},{"$f":"SUM(D13:D17)","v":{"v":81.47576487968402,"d":"$81"}}]

{"sheet":"MATERIAL TAKE-OFF","index":1,"n_rows":111,"n_cols":17,"rows_kept":111,"merged":[[2,10,2,11],[2,12,2,13],[3,10,3,11],[3,12,3,13],[4,10,4,11],[4,12,4,13],[5,10,5,11],[5,12,5,13],[6,10,6,11],[6,12,6,13],[7,10,7,11],[7,12,7,13],[10,1,10,14],[20,1,20,14],[94,0,94,13],[95,0,95,13],[96,0,96,13],[97,0,97,13],[98,0,98,12],[100,1,100,14]]}
[]
[]
["Project: "]
[]
["Address:"]
[]
["Scope:","ELECTRICAL"]
[]
["Date:"]
["SR #","REF","DESCRIPTION","QUANTITY","UNIT","WASTAGE","QUANTITY W/ WASTAGE","LABOR HOURS","WAGES","TOTAL LABOR  HOUR","TOTAL LABOUR COST","MATERIAL RATE","TOTAL MATETRIAL COST","EQUIPMENT RATE","TOTAL EQUIPMENT COSTS","SUB COST"]
[null,"01. GENERAL REQUIREMENTS"]
[1,null,"Supervision and Coordination",1,"LS",{"v":0,"d":"0%"},{"$f":"(F12*D12)+D12","v":{"v":1,"d":"1.00"}},{"$f":"2.5%*$Q$12/I12","v":{"v":39.75607287595682,"d":"39.76"}},{"v":87.91,"d":"$87.91"},{"$f":"H12*G12","v":{"v":39.75607287595682,"d":"39.76"}},{"$f":"I12*J12","v":{"v":3494.9563665253636,"d":"$3,494.96"}},{"v":0,"d":"$0.00"},{"$f":"L12*G12","v":{"v":0,"d":"$0.00"}},{"v":0,"d":"$0.00"},{"$f":"N12*G12","v":{"v":0,"d":"$0.00"}},{"$f":"IF(D12=\"\",\"\",(K12+M12+O12))","v":{"v":3494.9563665253636,"d":"$3,494.96"}},{"$f":"SUM(P22:P93)/2","v":{"v":139798.25466101454,"d":"$139,798.25"}}]
[{"$f":"A12+1","v":2},null,"Submittals and Shop drawings",1,"LS",{"v":0,"d":"0%"},{"v":1,"d":"1.00"},{"$f":"1.65%*$Q$12/I13","v":{"v":26.2390080981315,"d":"26.24"}},{"v":87.91,"d":"$87.91"},{"v":26.2390080981315,"d":"26.24"},{"v":2306.67120190674,"d":"$2,306.67"},{"v":0,"d":"$0.00"},{"v":0,"d":"$0.00"},{"v":0,"d":"$0.00"},{"v":0,"d":"$0.00"},{"v":2306.67120190674,"d":"$2,306.67"}]
[3,null,"Final Cleaning",1,"LS",{"v":0,"d":"0%"},{"v":1,"d":"1.00"},{"$f":"0.85%*$Q$12/I14","v":{"v":13.517064777825318,"d":"13.52"}},{"v":87.91,"d":"$87.91"},{"v":13.517064777825318,"d":"13.52"},{"v":1188.2851646186236,"d":"$1,188.29"},{"v":0,"d":"$0.00"},{"v":0,"d":"$0.00"},{"v":0,"d":"$0.00"},{"v":0,"d":"$0.00"},{"v":1188.2851646186236,"d":"$1,188.29"}]
[4,null,"Mobilization Costs",1,"LS",{"v":0,"d":"0%"},{"v":1,"d":"1.00"},{"$f":"2.35%*$Q$12/I15","v":{"v":37.370708503399406,"d":"37.37"}},{"v":87.91,"d":"$87.91"},{"v":37.370708503399406,"d":"37.37"},{"v":3285.2589845338416,"d":"$3,285.26"},{"v":0,"d":"$0.00"},{"v":0,"d":"$0.00"},{"v":0,"d":"$0.00"},{"v":0,"d":"$0.00"},{"v":3285.2589845338416,"d":"$3,285.26"}]
[5,null,"Bond @ 2%",1,"LS",{"v":0,"d":"0%"},{"v":1,"d":"1.00"},{"$f":"2%*$Q$12/I16","v":{"v":31.804858300765453,"d":"31.80"}},{"v":87.91,"d":"$87.91"},{"v":31.804858300765453,"d":"31.80"},{"v":2795.965093220291,"d":"$2,795.97"},{"v":0,"d":"$0.00"},{"v":0,"d":"$0.00"},{"v":0,"d":"$0.00"},{"v":0,"d":"$0.00"},{"v":2795.965093220291,"d":"$2,795.97"}]
[6,null,"Temporary Control & Facilities",1,"LS",{"v":0,"d":"0%"},{"v":1,"d":"1.00"},{"$f":"0.98%*$Q$12/I17","v":{"v":15.58438056737507,"d":"15.58"}},{"v":87.91,"d":"$87.91"},{"v":15.58438056737507,"d":"15.58"},{"v":1370.0228956779424,"d":"$1,370.02"},{"v":0,"d":"$0.00"},{"v":0,"d":"$0.00"},{"v":0,"d":"$0.00"},{"v":0,"d":"$0.00"},{"v":1370.0228956779424,"d":"$1,370.02"}]
[7,null,"Scaffolding",1,"LS",{"v":0,"d":"0%"},{"v":1,"d":"1.00"},{"$f":"3.5%*$Q$12/I18","v":{"v":55.65850202633955,"d":"55.66"}},{"v":87.91,"d":"$87.91"},{"v":55.65850202633955,"d":"55.66"},{"v":4892.938913135509,"d":"$4,892.94"},{"v":0,"d":"$0.00"},{"v":0,"d":"$0.00"},{"v":0,"d":"$0.00"},{"v":0,"d":"$0.00"},{"v":4892.938913135509,"d":"$4,892.94"}]
[{"$f":"IF(E19=0,\"\",1+MAX(A13:A18))","v":""},{"$nulls":13},"SUBTOTAL",{"$f":"SUM(P12:P18)","v":{"v":19334.098619618315,"d":"$19,334.10"}}]
[{"$f":"IF(E20=0,\"\",1+MAX(#REF!))","v":""}]
[{"$f":"IF(E21=0,\"\",1+MAX(A20:A20))","v":""},"26. ELECTRICAL"]
[{"$f":"IF(E22=0,\"\",1+MAX(A20:A21))","v":""},null,"Lighting Fixtures"]
[{"$f":"IF(D23=0,\"\",1+MAX(A$12:A22))","v":8},null,"A: 4'' Round LED Downlight \r\nManuf & Catalog#: Prescolite, LFR-4RD-M-15L30K8-WD-DMX\r\nLumens: 1494",{"v":18,"d":"18.00"},"EA",{"v":0,"d":"0%"},{"$f":"(F23*D23)+D23","v":{"v":18,"d":"18.00"}},{"v":2.109,"d":"2.11"},{"v":55.54,"d":"$55.54"},{"$f":"H23*G23","v":{"v":37.962,"d":"37.96"}},{"$f":"I23*J23","v":{"v":2108.4094800000003,"d":"$2,108.41"}},{"v":153.79,"d":"$153.79"},{"$f":"L23*G23","v":{"v":2768.22,"d":"$2,768.22"}},{"v":0,"d":"$0.00"},{"$f":"N23*G23","v":{"v":0,"d":"$0.00"}},{"$f":"IF(D23=\"\",\"\",(K23+M23+O23))","v":{"v":4876.62948,"d":"$4,876.63"}}]
[{"$f":"IF(D24=0,\"\",1+MAX(A$12:A23))","v":9},null,"AE: 4'' Round LED Downlight w/ Emergency Backup Battery\r\nManuf: Prescolite \r\nCatalog#:LFR-4RD-M-15L30K8-WD-DMXEM\r\nLumens: 1494",{"v":3,"d":"3.00"},"EA",{"v":0,"d":"0%"},{"v":3,"d":"3.00"},{"v":2.6639450549450547,"d":"2.66"},{"v":55.54,"d":"$55.54"},{"v":7.991835164835164,"d":"7.99"},{"v":443.866525054945,"d":"$443.87"},{"v":204.29,"d":"$204.29"},{"v":612.87,"d":"$612.87"},{"v":0,"d":"$0.00"},{"v":0,"d":"$0.00"},{"v":1056.736525054945,"d":"$1,056.74"}]
[{"$f":"IF(D25=0,\"\",1+MAX(A$12:A24))","v":10},null,"D: Indoor Mini Pendant\r\nManuf & Catalog#: Possini Euro, LED Replacement Bulb 8W ST18 E26\r\nLumens: 850",{"v":8,"d":"8.00"},"EA",{"v":0,"d":"0%"},{"v":8,"d":"8.00"},{"v":2.0672417582417584,"d":"2.07"},{"v":55.54,"d":"$55.54"},{"v":16.537934065934067,"d":"16.54"},{"v":918.5168580219781,"d":"$918.52"},{"v":149.99,"d":"$149.99"},{"v":1199.92,"d":"$1,199.92"},{"v":0,"d":"$0.00"},{"v":0,"d":"$0.00"},{"v":2118.436858021978,"d":"$2,118.44"}]
[{"$f":"IF(D26=0,\"\",1+MAX(A$12:A25))","v":11},null,"E: 4'' Decorative Pendant\r\nManuf & Catalog#: Luminoso, LCP-4-30K-7-F-80-10-SP\r\nLumens: 2613",{"v":33,"d":"33.00"},"EA",{"v":0,"d":"0%"},{"v":33,"d":"33.00"},{"v":3.5948241758241757,"d":"3.59"},{"v":55.54,"d":"$55.54"},{"v":118.6291978021978,"d":"118.63"},{"v":6588.665645934066,"d":"$6,588.67"},{"v":289,"d":"$289.00"},{"v":9537,"d":"$9,537.00"},{"v":0,"d":"$0.00"},{"v":0,"d":"$0.00"},{"v":16125.665645934067,"d":"$16,125.67"}]
[{"$f":"IF(D27=0,\"\",1+MAX(A$12:A26))","v":12},null,"EE: 4'' Decorative Pendant w/ Emergency Battery Backup\r\nManuf & Catalog#: Luminoso, LCP-4-30K-7-F-80-10-SP\r\nLumens: 2613",{"v":3,"d":"3.00"},"EA",{"v":0,"d":"0%"},{"v":3,"d":"3.00"},{"v":4.14976923076923,"d":"4.15"},{"v":55.54,"d":"$55.54"},{"v":12.449307692307691,"d":"12.45"},{"v":691.4345492307691,"d":"$691.43"},{"v":339.5,"d":"$339.50"},{"v":1018.5,"d":"$1,018.50"},{"v":0,"d":"$0.00"},{"v":0,"d":"$0.00"},{"v":1709.934549230769,"d":"$1,709.93"}]
[{"$f":"IF(D28=0,\"\",1+MAX(A$12:A27))","v":13},null,"F: Suspended Light Chandelier\r\nManuf & Catalog#:Visual & Comfort CO, 700GRC-48-BW-LED930\r\nLumens: 4623",{"v":8,"d":"8.00"},"EA",{"v":0,"d":"0%"},{"v":8,"d":"8.00"},{"v":26.783835164835164,"d":"26.78"},{"v":55.54,"d":"$55.54"},{"v":214.2706813186813,"d":"214.27"},{"v":11900.59364043956,"d":"$11,900.59"},{"v":2399.2,"d":"$2,399.20"},{"v":19193.6,"d":"$19,193.60"},{"v":0,"d":"$0.00"},{"v":0,"d":"$0.00"},{"v":31094.19364043956,"d":"$31,094.19"}]
[{"$f":"IF(D29=0,\"\",1+MAX(A$12:A28))","v":14},null,"XD: Wall Mounted Exterior Light Fixture w/ Emergency Battery Backup\nManuf & Catalog#: Lithonia, WPX1 LED P2 40K MVOLT E14WC",{"v":3,"d":"3.00"},"EA",{"v":0,"d":"0%"},{"v":3,"d":"3.00"},{"v":5.198450549450549,"d":"5.20"},{"v":55.54,"d":"$55.54"},{"v":15.595351648351649,"d":"15.60"},{"v":866.1658305494506,"d":"$866.17"},{"v":434.93,"d":"$434.93"},{"v":1304.79,"d":"$1,304.79"},{"v":0,"d":"$0.00"},{"v":0,"d":"$0.00"},{"v":2170.9558305494506,"d":"$2,170.96"}]
[{"$f":"IF(D30=0,\"\",1+MAX(A$12:A29))","v":15},null,"X1: Sinfle Face To LED Edge-UT Exit Sign W/ Red Letters\nManuf & Catalog#: Lithonia,EDG-1-RMR-EL",{"v":4,"d":"4.00"},"EA",{"v":0,"d":"0%"},{"v":4,"d":"4.00"},{"v":4.736802197802198,"d":"4.74"},{"v":55.54,"d":"$55.54"},{"v":18.94720879120879,"d":"18.95"},{"v":1052.3279762637362,"d":"$1,052.33"},{"v":392.92,"d":"$392.92"},{"v":1571.68,"d":"$1,571.68"},{"v":0,"d":"$0.00"},{"v":0,"d":"$0.00"},{"v":2624.007976263736,"d":"$2,624.01"}]
[{"$f":"IF(D31=0,\"\",1+MAX(A$12:A30))","v":16},null,"B: 6'' Round LED Downlight\r\nManuf & Catalog#: Prescolite, LFR-6RD-M-15L27K8-WD-DMX\r\nLumens: 1487",{"v":11,"d":"11.00"},"EA",{"v":0,"d":"0%"},{"v":11,"d":"11.00"},{"v":4.275813186813187,"d":"4.28"},{"v":55.54,"d":"$55.54"},{"v":47.03394505494505,"d":"47.03"},{"v":2612.265308351648,"d":"$2,612.27"},{"v":350.97,"d":"$350.97"},{"v":3860.67,"d":"$3,860.67"},{"v":0,"d":"$0.00"},{"v":0,"d":"$0.00"},{"v":6472.935308351648,"d":"$6,472.94"}]
[{"$f":"IF(D32=0,\"\",1+MAX(A$12:A31))","v":17},null,"BE: 6'' Round LED Downlight w/ Emergency Backup\r\nManuf & Catalog#: Prescolite, LFR-6RD-M-15L27K8-WD-DMX-EM\r\nLumens: 1487",{"v":4,"d":"4.00"},"EA",{"v":0,"d":"0%"},{"v":4,"d":"4.00"},{"v":4.830758241758241,"d":"4.83"},{"v":55.54,"d":"$55.54"},{"v":19.323032967032965,"d":"19.32"},{"v":1073.201250989011,"d":"$1,073.20"},{"v":401.47,"d":"$401.47"},{"v":1605.88,"d":"$1,605.88"},{"v":0,"d":"$0.00"},{"v":0,"d":"$0.00"},{"v":2679.081250989011,"d":"$2,679.08"}]
[{"$f":"IF(D33=0,\"\",1+MAX(A$12:A32))","v":18},null,"C: Restroom Pendant Light\r\nManuf & Catalog#: Alder & Ore, 7W ST18 E26\r\nLumens: 650",{"v":4,"d":"4.00"},"EA",{"v":0,"d":"0%"},{"v":4,"d":"4.00"},{"v":2.4233956043956044,"d":"2.42"},{"v":55.54,"d":"$55.54"},{"v":9.693582417582418,"d":"9.69"},{"v":538.3815674725274,"d":"$538.38"},{"v":182.4,"d":"$182.40"},{"v":729.6,"d":"$729.60"},{"v":0,"d":"$0.00"},{"v":0,"d":"$0.00"},{"v":1267.9815674725273,"d":"$1,267.98"}]
[{"$f":"IF(D34=0,\"\",1+MAX(A$12:A33))","v":19},null,"G: Surface Mounted Low Voltage RGBW Tape Light \r\nManuf & Catalog#: Acclaim, Flexi (FLX444/LP-CL4/111/FCLPEC1\r\nLumens: 226 Per Foot",{"v":8,"d":"8.00"},"EA",{"v":0,"d":"0%"},{"v":8,"d":"8.00"},{"v":0.6607582417582417,"d":"0.66"},{"v":55.54,"d":"$55.54"},{"v":5.286065934065934,"d":"5.29"},{"v":293.58810197802194,"d":"$293.59"},{"v":22,"d":"$22.00"},{"v":176,"d":"$176.00"},{"v":0,"d":"$0.00"},{"v":0,"d":"$0.00"},{"v":469.58810197802194,"d":"$469.59"}]
[{"$f":"IF(D35=0,\"\",1+MAX(A$12:A34))","v":20},null,"R1: 2x2 LED Troffer\r\nManuf & Catalog#: Columbia Lighting, CBT22-LSCS\r\nLumens: 3437",{"v":23,"d":"23.00"},"EA",{"v":0,"d":"0%"},{"v":23,"d":"23.00"},{"v":1.8895494505494506,"d":"1.89"},{"v":55.54,"d":"$55.54"},{"v":43.459637362637366,"d":"43.46"},{"v":2413.748259120879,"d":"$2,413.75"},{"v":133.82,"d":"$133.82"},{"v":3077.8599999999997,"d":"$3,077.86"},{"v":0,"d":"$0.00"},{"v":0,"d":"$0.00"},{"v":5491.608259120879,"d":"$5,491.61"}]
[{"$f":"IF(D36=0,\"\",1+MAX(A$12:A35))","v":21},null,"R1E: 2x2 LED Troffer W/ Emergency Battery Backup\r\nManuf & Catalog#: Columbia Lighting, CBT22-LSCS-ELL14\r\nLumens: 3437 ",{"v":10,"d":"10.00"},"EA",{"v":0,"d":"0%"},{"v":10,"d":"10.00"},{"v":2.4444945054945055,"d":"2.44"},{"v":55.54,"d":"$55.54"},{"v":24.444945054945055,"d":"24.44"},{"v":1357.6722483516482,"d":"$1,357.67"},{"v":184.32,"d":"$184.32"},{"v":1843.1999999999998,"d":"$1,843.20"},{"v":0,"d":"$0.00"},{"v":0,"d":"$0.00"},{"v":3200.872248351648,"d":"$3,200.87"}]
[{"$f":"IF(D37=0,\"\",1+MAX(A$12:A36))","v":22},null,"T1:Track Light - 8 Foot Section\r\nManuf & Catalog#: Jesco, J2TR-8-BK\r\nLumens: 2700",{"v":3,"d":"3.00"},"EA",{"v":0,"d":"0%"},{"v":3,"d":"3.00"},{"v":1.2677912087912087,"d":"1.27"},{"v":55.54,"d":"$55.54"},{"v":3.803373626373626,"d":"3.80"},{"v":211.23937120879117,"d":"$211.24"},{"v":77.24,"d":"$77.24"},{"v":231.71999999999997,"d":"$231.72"},{"v":0,"d":"$0.00"},{"v":0,"d":"$0.00"},{"v":442.95937120879114,"d":"$442.96"}]
[{"$f":"IF(D38=0,\"\",1+MAX(A$12:A37))","v":23},null,"T2:Track Light - 4 Foot Section\r\nManuf & Catalog#: Jesco, J2TR-4-BK\r\nLumens: 2700",{"v":2,"d":"2.00"},"EA",{"v":0,"d":"0%"},{"v":2,"d":"2.00"},{"v":0.9024065934065935,"d":"0.90"},{"v":55.54,"d":"$55.54"},{"v":1.804813186813187,"d":"1.80"},{"v":100.2393243956044,"d":"$100.24"},{"v":43.99,"d":"$43.99"},{"v":87.98,"d":"$87.98"},{"v":0,"d":"$0.00"},{"v":0,"d":"$0.00"},{"v":188.21932439560442,"d":"$188.22"}]
[{"$f":"IF(D39=0,\"\",1+MAX(A$12:A38))","v":24},null,"LED Tape Light (1'-8'' L)",{"v":8,"d":"8.00"},"EA",{"v":0,"d":"0%"},{"v":8,"d":"8.00"},{"v":1.2184505494505495,"d":"1.22"},{"v":55.54,"d":"$55.54"},{"v":9.747604395604396,"d":"9.75"},{"v":541.3819481318682,"d":"$541.38"},{"v":72.75,"d":"$72.75"},{"v":582,"d":"$582.00"},{"v":0,"d":"$0.00"},{"v":0,"d":"$0.00"},{"v":1123.3819481318683,"d":"$1,123.38"}]
[null,null,"Power"]
[{"$f":"IF(E41=0,\"\",1+MAX(A20:A39))","v":""},null,"Switches"]
[{"$f":"IF(D42=0,\"\",1+MAX(A$12:A41))","v":25},null,"Single Pole Switch",{"v":6,"d":"6.00"},"EA",{"v":0,"d":"0%"},{"$f":"(F42*D42)+D42","v":{"v":6,"d":"6.00"}},0.47,{"v":55.54,"d":"$55.54"},{"$f":"H42*G42","v":2.82},{"$f":"I42*J42","v":{"v":156.62279999999998,"d":"$156.62"}},{"v":3.98,"d":"$3.98"},{"$f":"L42*G42","v":{"v":23.88,"d":"$23.88"}},{"v":0,"d":"$0.00"},{"$f":"N42*G42","v":{"v":0,"d":"$0.00"}},{"$f":"IF(D42=\"\",\"\",(K42+M42+O42))","v":{"v":180.50279999999998,"d":"$180.50"}}]
[{"$f":"IF(D43=0,\"\",1+MAX(A$12:A42))","v":26},null,"3 Way Switch",{"v":2,"d":"2.00"},"EA",{"v":0,"d":"0%"},{"v":2,"d":"2.00"},{"v":0.516,"d":"0.52"},{"v":55.54,"d":"$55.54"},{"v":1.032,"d":"1.03"},{"v":57.317280000000004,"d":"$57.32"},{"v":9.86,"d":"$9.86"},{"v":19.72,"d":"$19.72"},{"v":0,"d":"$0.00"},{"v":0,"d":"$0.00"},{"v":77.03728000000001,"d":"$77.04"}]
[{"$f":"IF(D44=0,\"\",1+MAX(A$12:A43))","v":27},null,"Occupancy Sensor Wall Switch",{"v":3,"d":"3.00"},"EA",{"v":0,"d":"0%"},{"v":3,"d":"3.00"},{"v":1.413,"d":"1.41"},{"v":55.54,"d":"$55.54"},{"v":4.239,"d":"4.24"},{"v":235.43406,"d":"$235.43"},{"v":84.3,"d":"$84.30"},{"v":252.89999999999998,"d":"$252.90"},{"v":0,"d":"$0.00"},{"v":0,"d":"$0.00"},{"v":488.33405999999997,"d":"$488.33"}]
[{"$f":"IF(D45=0,\"\",1+MAX(A$12:A44))","v":28},null,"Non-Fused Disconnect Switch",{"v":12,"d":"12.00"},"EA",{"v":0,"d":"0%"},{"v":12,"d":"12.00"},{"v":1.782,"d":"1.78"},{"v":55.54,"d":"$55.54"},{"v":21.384,"d":"21.38"},{"v":1187.66736,"d":"$1,187.67"},{"v":109.76,"d":"$109.76"},{"v":1317.1200000000001,"d":"$1,317.12"},{"v":0,"d":"$0.00"},{"v":0,"d":"$0.00"},{"v":2504.7873600000003,"d":"$2,504.79"}]
[{"$f":"IF(D46=0,\"\",1+MAX(A$12:A45))","v":29},null,"Motor Switch",{"v":5,"d":"5.00"},"EA",{"v":0,"d":"0%"},{"v":5,"d":"5.00"},{"v":1.126,"d":"1.13"},{"v":55.54,"d":"$55.54"},{"v":5.629999999999999,"d":"5.63"},{"v":312.69019999999995,"d":"$312.69"},{"v":48.98,"d":"$48.98"},{"v":244.89999999999998,"d":"$244.90"},{"v":0,"d":"$0.00"},{"v":0,"d":"$0.00"},{"v":557.5901999999999,"d":"$557.59"}]
[{"$f":"IF(D47=0,\"\",1+MAX(A$12:A46))","v":30},null,"Disconnect Switch",{"v":3,"d":"3.00"},"EA",{"v":0,"d":"0%"},{"v":3,"d":"3.00"},{"v":1.506,"d":"1.51"},{"v":55.54,"d":"$55.54"},{"v":4.518,"d":"4.52"},{"v":250.92971999999997,"d":"$250.93"},{"v":87.96,"d":"$87.96"},{"v":263.88,"d":"$263.88"},{"v":0,"d":"$0.00"},{"v":0,"d":"$0.00"},{"v":514.80972,"d":"$514.81"}]
[{"$f":"IF(D48=0,\"\",1+MAX(A$12:A47))","v":31},null,"Motor Rated Disconnect",{"v":9,"d":"9.00"},"EA",{"v":0,"d":"0%"},{"v":9,"d":"9.00"},{"v":1.996,"d":"2.00"},{"v":55.54,"d":"$55.54"},{"v":17.964,"d":"17.96"},{"v":997.7205599999999,"d":"$997.72"},{"v":135.09,"d":"$135.09"},{"v":1215.81,"d":"$1,215.81"},{"v":0,"d":"$0.00"},{"v":0,"d":"$0.00"},{"v":2213.5305599999997,"d":"$2,213.53"}]
[{"$f":"IF(E49=0,\"\",1+MAX(A22:A42))","v":""},null,"Receptacles"]
[{"$f":"IF(D50=0,\"\",1+MAX(A$12:A49))","v":32},null,"GFI Duplex Receptacle",{"v":9,"d":"9.00"},"EA",{"v":0,"d":"0%"},{"$f":"(F50*D50)+D50","v":{"v":9,"d":"9.00"}},{"v":0.624,"d":"0.62"},{"v":55.54,"d":"$55.54"},{"$f":"H50*G50","v":{"v":5.616,"d":"5.62"}},{"$f":"I50*J50","v":{"v":311.91263999999995,"d":"$311.91"}},{"v":23.18,"d":"$23.18"},{"$f":"L50*G50","v":{"v":208.62,"d":"$208.62"}},{"v":0,"d":"$0.00"},{"$f":"N50*G50","v":{"v":0,"d":"$0.00"}},{"$f":"IF(D50=\"\",\"\",(K50+M50+O50))","v":{"v":520.5326399999999,"d":"$520.53"}}]
[{"$f":"IF(D51=0,\"\",1+MAX(A$12:A50))","v":33},null,"GFI WP Duplex Receptacle",{"v":1,"d":"1.00"},"EA",{"v":0,"d":"0%"},{"v":1,"d":"1.00"},{"v":0.652,"d":"0.65"},{"v":55.54,"d":"$55.54"},{"v":0.652,"d":"0.65"},{"v":36.21208,"d":"$36.21"},{"v":25.48,"d":"$25.48"},{"v":25.48,"d":"$25.48"},{"v":0,"d":"$0.00"},{"v":0,"d":"$0.00"},{"v":61.692080000000004,"d":"$61.69"}]
[{"$f":"IF(D52=0,\"\",1+MAX(A$12:A51))","v":34},null,"Special Purpose Receptacle",{"v":1,"d":"1.00"},"EA",{"v":0,"d":"0%"},{"v":1,"d":"1.00"},{"v":0.614,"d":"0.61"},{"v":55.54,"d":"$55.54"},{"v":0.614,"d":"0.61"},{"v":34.10156,"d":"$34.10"},{"v":21.87,"d":"$21.87"},{"v":21.87,"d":"$21.87"},{"v":0,"d":"$0.00"},{"v":0,"d":"$0.00"},{"v":55.97156,"d":"$55.97"}]
[{"$f":"IF(D53=0,\"\",1+MAX(A$12:A52))","v":35},null,"Mounted Receptacle",{"v":12,"d":"12.00"},"EA",{"v":0,"d":"0%"},{"v":12,"d":"12.00"},{"v":0.558,"d":"0.56"},{"v":55.54,"d":"$55.54"},{"v":6.696000000000001,"d":"6.70"},{"v":371.89584,"d":"$371.90"},{"v":12.88,"d":"$12.88"},{"v":154.56,"d":"$154.56"},{"v":0,"d":"$0.00"},{"v":0,"d":"$0.00"},{"v":526.4558400000001,"d":"$526.46"}]
[{"$f":"IF(D54=0,\"\",1+MAX(A$12:A53))","v":36},null,"Quad Plex Receptacle",{"v":5,"d":"5.00"},"EA",{"v":0,"d":"0%"},{"v":5,"d":"5.00"},{"v":0.876,"d":"0.88"},{"v":55.54,"d":"$55.54"},4.38,{"v":243.2652,"d":"$243.27"},{"v":34.98,"d":"$34.98"},{"v":174.89999999999998,"d":"$174.90"},{"v":0,"d":"$0.00"},{"v":0,"d":"$0.00"},{"v":418.16519999999997,"d":"$418.17"}]
[{"$f":"IF(D55=0,\"\",1+MAX(A$12:A54))","v":37},null,"Duplex Receptacle",{"v":61,"d":"61.00"},"EA",{"v":0,"d":"0%"},{"v":61,"d":"61.00"},{"v":0.564,"d":"0.56"},{"v":55.54,"d":"$55.54"},{"v":34.403999999999996,"d":"34.40"},{"v":1910.7981599999998,"d":"$1,910.80"},{"v":15.98,"d":"$15.98"},{"v":974.78,"d":"$974.78"},{"v":0,"d":"$0.00"},{"v":0,"d":"$0.00"},{"v":2885.57816,"d":"$2,885.58"}]
[null,null,"Panels"]
[{"$f":"IF(D57=0,\"\",1+MAX(A$12:A56))","v":38},null,"P1: Main Panel\r\n120/208V, 3P, 4 Wire, 60 HZ\r\nMain Breaker Rating: 225 Amp",{"v":1,"d":"1.00"},"EA",{"v":0,"d":"0%"},{"$f":"(F57*D57)+D57","v":{"v":1,"d":"1.00"}},{"v":6.512,"d":"6.51"},{"v":55.54,"d":"$55.54"},{"$f":"H57*G57","v":{"v":6.512,"d":"6.51"}},{"$f":"I57*J57","v":{"v":361.67647999999997,"d":"$361.68"}},{"v":1410.29,"d":"$1,410.29"},{"$f":"L57*G57","v":{"v":1410.29,"d":"$1,410.29"}},{"v":0,"d":"$0.00"},{"$f":"N57*G57","v":{"v":0,"d":"$0.00"}},{"$f":"IF(D57=\"\",\"\",(K57+M57+O57))","v":{"v":1771.96648,"d":"$1,771.97"}}]
[{"$f":"IF(D58=0,\"\",1+MAX(A$12:A57))","v":39},null,"KP: Panel\r\n120/208V, 3P, 4 Wire, 60 HZ",{"v":2,"d":"2.00"},"EA",{"v":0,"d":"0%"},{"v":2,"d":"2.00"},{"v":7.986,"d":"7.99"},{"v":55.54,"d":"$55.54"},{"v":15.972,"d":"15.97"},{"v":887.08488,"d":"$887.08"},{"v":1880.18,"d":"$1,880.18"},{"v":3760.36,"d":"$3,760.36"},{"v":0,"d":"$0.00"},{"v":0,"d":"$0.00"},{"v":4647.44488,"d":"$4,647.44"}]
[{"$f":"IF(D59=0,\"\",1+MAX(A$12:A58))","v":40},null,"P2: Panel\r\n120/208V, 3P, 4 Wire, 60 HZ\r\nMain Breaker Rating (400 Amps)",{"v":1,"d":"1.00"},"EA",{"v":0,"d":"0%"},{"v":1,"d":"1.00"},{"v":9.244,"d":"9.24"},{"v":55.54,"d":"$55.54"},{"v":9.244,"d":"9.24"},{"v":513.41176,"d":"$513.41"},{"v":2026.7,"d":"$2,026.70"},{"v":2026.7,"d":"$2,026.70"},{"v":0,"d":"$0.00"},{"v":0,"d":"$0.00"},{"v":2540.11176,"d":"$2,540.11"}]
[{"$f":"IF(D60=0,\"\",1+MAX(A$12:A59))","v":41},null,"PAC: Panel\r\n120/208V, 3P, 4 Wire, 60 HZ\r\nMain Breaker Rating: 400 Amp",{"v":1,"d":"1.00"},"EA",{"v":0,"d":"0%"},{"v":1,"d":"1.00"},{"v":9.244,"d":"9.24"},{"v":55.54,"d":"$55.54"},{"v":9.244,"d":"9.24"},{"v":513.41176,"d":"$513.41"},{"v":2026.7,"d":"$2,026.70"},{"v":2026.7,"d":"$2,026.70"},{"v":0,"d":"$0.00"},{"v":0,"d":"$0.00"},{"v":2540.11176,"d":"$2,540.11"}]
[{"$f":"IF(E61=0,\"\",1+MAX(A41:A50))","v":""},null,"Breaker"]
[{"$f":"IF(D62=0,\"\",1+MAX(A$12:A61))","v":42},null,"1 Pole Breaker (20 Amp)",{"v":52,"d":"52.00"},"EA",{"v":0,"d":"0%"},{"$f":"(F62*D62)+D62","v":{"v":52,"d":"52.00"}},{"v":0.598,"d":"0.60"},{"v":55.54,"d":"$55.54"},{"$f":"H62*G62","v":{"v":31.096,"d":"31.10"}},{"$f":"I62*J62","v":{"v":1727.07184,"d":"$1,727.07"}},{"v":24.28,"d":"$24.28"},{"$f":"L62*G62","v":{"v":1262.56,"d":"$1,262.56"}},{"v":0,"d":"$0.00"},{"$f":"N62*G62","v":{"v":0,"d":"$0.00"}},{"$f":"IF(D62=\"\",\"\",(K62+M62+O62))","v":{"v":2989.63184,"d":"$2,989.63"}}]
[{"$f":"IF(D63=0,\"\",1+MAX(A$12:A62))","v":43},null,"3 Pole Breaker (60 Amp)",{"v":1,"d":"1.00"},"EA",{"v":0,"d":"0%"},{"v":1,"d":"1.00"},{"v":1.786,"d":"1.79"},{"v":55.54,"d":"$55.54"},{"v":1.786,"d":"1.79"},{"v":99.19444,"d":"$99.19"},{"v":134.74,"d":"$134.74"},{"v":134.74,"d":"$134.74"},{"v":0,"d":"$0.00"},{"v":0,"d":"$0.00"},{"v":233.93444,"d":"$233.93"}]
[{"$f":"IF(D64=0,\"\",1+MAX(A$12:A63))","v":44},null,"3 Pole Breaker (125 Amp)",{"v":1,"d":"1.00"},"EA",{"v":0,"d":"0%"},{"v":1,"d":"1.00"},{"v":2.514,"d":"2.51"},{"v":55.54,"d":"$55.54"},{"v":2.514,"d":"2.51"},{"v":139.62756,"d":"$139.63"},{"v":298.55,"d":"$298.55"},{"v":298.55,"d":"$298.55"},{"v":0,"d":"$0.00"},{"v":0,"d":"$0.00"},{"v":438.17755999999997,"d":"$438.18"}]
[{"$f":"IF(D65=0,\"\",1+MAX(A$12:A64))","v":45},null,"3 Pole Breaker (30 Amp)",{"v":1,"d":"1.00"},"EA",{"v":0,"d":"0%"},{"v":1,"d":"1.00"},{"v":1.102,"d":"1.10"},{"v":55.54,"d":"$55.54"},{"v":1.102,"d":"1.10"},{"v":61.20508,"d":"$61.21"},{"v":67.96,"d":"$67.96"},{"v":67.96,"d":"$67.96"},{"v":0,"d":"$0.00"},{"v":0,"d":"$0.00"},{"v":129.16508,"d":"$129.17"}]
[null,null,"Low Voltage"]
[{"$f":"IF(D67=0,\"\",1+MAX(A$12:A66))","v":46},null,"Data Outlet",{"v":19,"d":"19.00"},"EA",{"v":0,"d":"0%"},{"$f":"(F67*D67)+D67","v":{"v":19,"d":"19.00"}},0.57,{"v":55.54,"d":"$55.54"},{"$f":"H67*G67","v":{"v":10.829999999999998,"d":"10.83"}},{"$f":"I67*J67","v":{"v":601.4981999999999,"d":"$601.50"}},{"v":5.98,"d":"$5.98"},{"$f":"L67*G67","v":{"v":113.62,"d":"$113.62"}},{"v":0,"d":"$0.00"},{"$f":"N67*G67","v":{"v":0,"d":"$0.00"}},{"$f":"IF(D67=\"\",\"\",(K67+M67+O67))","v":{"v":715.1181999999999,"d":"$715.12"}}]
[{"$f":"IF(D68=0,\"\",1+MAX(A$12:A67))","v":47},null,"4 Gang Outlet Box W/\r\n(4) GFCI Modules",{"v":1,"d":"1.00"},"EA",{"v":0,"d":"0%"},{"v":1,"d":"1.00"},{"v":1.529,"d":"1.53"},{"v":55.54,"d":"$55.54"},{"v":1.529,"d":"1.53"},{"v":84.92066,"d":"$84.92"},{"v":105.27,"d":"$105.27"},{"v":105.27,"d":"$105.27"},{"v":0,"d":"$0.00"},{"v":0,"d":"$0.00"},{"v":190.19065999999998,"d":"$190.19"}]
[{"$f":"IF(D69=0,\"\",1+MAX(A$12:A68))","v":48},null,"Voice/ Data Outlet Mounted",{"v":3,"d":"3.00"},"EA",{"v":0,"d":"0%"},{"v":3,"d":"3.00"},{"v":0.638,"d":"0.64"},{"v":55.54,"d":"$55.54"},{"v":1.9140000000000001,"d":"1.91"},{"v":106.30356,"d":"$106.30"},{"v":11.03,"d":"$11.03"},{"v":33.089999999999996,"d":"$33.09"},{"v":0,"d":"$0.00"},{"v":0,"d":"$0.00"},{"v":139.39356,"d":"$139.39"}]
[null,null,"Fire Alarm Devices"]
[{"$f":"IF(D71=0,\"\",1+MAX(A$12:A70))","v":49},null,"Fire Alarm Strobe",{"v":5,"d":"5.00"},"EA",{"v":0,"d":"0%"},{"$f":"(F71*D71)+D71","v":{"v":5,"d":"5.00"}},{"v":0.986,"d":"0.99"},{"v":55.54,"d":"$55.54"},{"$f":"H71*G71","v":4.93},{"$f":"I71*J71","v":{"v":273.81219999999996,"d":"$273.81"}},{"v":75,"d":"$75.00"},{"$f":"L71*G71","v":{"v":375,"d":"$375.00"}},{"v":0,"d":"$0.00"},{"$f":"N71*G71","v":{"v":0,"d":"$0.00"}},{"$f":"IF(D71=\"\",\"\",(K71+M71+O71))","v":{"v":648.8122,"d":"$648.81"}}]
[{"$f":"IF(D72=0,\"\",1+MAX(A$12:A71))","v":50},null,"FA: Fire Alarm Annunciator Panel",{"v":1,"d":"1.00"},"EA",{"v":0,"d":"0%"},{"v":1,"d":"1.00"},{"v":5.216,"d":"5.22"},{"v":55.54,"d":"$55.54"},{"v":5.216,"d":"5.22"},{"v":289.69664,"d":"$289.70"},{"v":485.46,"d":"$485.46"},{"v":485.46,"d":"$485.46"},{"v":0,"d":"$0.00"},{"v":0,"d":"$0.00"},{"v":775.1566399999999,"d":"$775.16"}]
[{"$f":"IF(D73=0,\"\",1+MAX(A$12:A72))","v":51},null,"Fire Alarm Speaker/Strobe",{"v":7,"d":"7.00"},"EA",{"v":0,"d":"0%"},{"v":7,"d":"7.00"},{"v":1.247,"d":"1.25"},{"v":55.54,"d":"$55.54"},{"v":8.729000000000001,"d":"8.73"},{"v":484.80866000000003,"d":"$484.81"},{"v":104.49,"d":"$104.49"},{"v":731.43,"d":"$731.43"},{"v":0,"d":"$0.00"},{"v":0,"d":"$0.00"},{"v":1216.23866,"d":"$1,216.24"}]
[null,null,"Misc."]
[{"$f":"IF(D75=0,\"\",1+MAX(A$12:A74))","v":52},null,"Occupancy Sensor",{"v":9,"d":"9.00"},"EA",{"v":0,"d":"0%"},{"$f":"(F75*D75)+D75","v":{"v":9,"d":"9.00"}},{"v":1.672,"d":"1.67"},{"v":55.54,"d":"$55.54"},{"$f":"H75*G75","v":{"v":15.048,"d":"15.05"}},{"$f":"I75*J75","v":{"v":835.7659199999999,"d":"$835.77"}},{"v":90.52,"d":"$90.52"},{"$f":"L75*G75","v":{"v":814.68,"d":"$814.68"}},{"v":0,"d":"$0.00"},{"$f":"N75*G75","v":{"v":0,"d":"$0.00"}},{"$f":"IF(D75=\"\",\"\",(K75+M75+O75))","v":{"v":1650.44592,"d":"$1,650.45"}}]
[{"$f":"IF(D76=0,\"\",1+MAX(A$12:A75))","v":53},null,"CFI Module",{"v":1,"d":"1.00"},"EA",{"v":0,"d":"0%"},{"v":1,"d":"1.00"},{"v":3.983,"d":"3.98"},{"v":55.54,"d":"$55.54"},{"v":3.983,"d":"3.98"},{"v":221.21582,"d":"$221.22"},{"v":322.57,"d":"$322.57"},{"v":322.57,"d":"$322.57"},{"v":0,"d":"$0.00"},{"v":0,"d":"$0.00"},{"v":543.7858200000001,"d":"$543.79"}]
[{"$f":"IF(D77=0,\"\",1+MAX(A$12:A76))","v":54},null,"Power Pack",{"v":5,"d":"5.00"},"EA",{"v":0,"d":"0%"},{"v":5,"d":"5.00"},{"v":0.918,"d":"0.92"},{"v":55.54,"d":"$55.54"},4.59,{"v":254.9286,"d":"$254.93"},{"v":49.97,"d":"$49.97"},{"v":249.85,"d":"$249.85"},{"v":0,"d":"$0.00"},{"v":0,"d":"$0.00"},{"v":504.7786,"d":"$504.78"}]
[{"$f":"IF(D78=0,\"\",1+MAX(A$12:A77))","v":55},null,"Junction Box",{"v":15,"d":"15.00"},"EA",{"v":0,"d":"0%"},{"v":15,"d":"15.00"},{"v":0.874,"d":"0.87"},{"v":55.54,"d":"$55.54"},13.11,{"v":728.1293999999999,"d":"$728.13"},{"v":43.49,"d":"$43.49"},{"v":652.35,"d":"$652.35"},{"v":0,"d":"$0.00"},{"v":0,"d":"$0.00"},{"v":1380.4794,"d":"$1,380.48"}]
[null,null,"Wiring & Conduits"]
[{"$f":"IF(D80=0,\"\",1+MAX(A$12:A79))","v":56},null,"#500KCMIL",{"v":240,"d":"240.00"},"LF",{"v":0.1,"d":"10%"},{"$f":"(F80*D80)+D80","v":{"v":264,"d":"264.00"}},{"v":0.418,"d":"0.42"},{"v":55.54,"d":"$55.54"},{"$f":"H80*G80","v":{"v":110.35199999999999,"d":"110.35"}},{"$f":"I80*J80","v":{"v":6128.95008,"d":"$6,128.95"}},{"v":17.14,"d":"$17.14"},{"$f":"L80*G80","v":{"v":4524.96,"d":"$4,524.96"}},{"v":0,"d":"$0.00"},{"$f":"N80*G80","v":{"v":0,"d":"$0.00"}},{"$f":"IF(D80=\"\",\"\",(K80+M80+O80))","v":{"v":10653.91008,"d":"$10,653.91"}}]
[{"$f":"IF(D81=0,\"\",1+MAX(A$12:A80))","v":57},null,"#12 Wire",{"$f":"30*48","v":{"v":1440,"d":"1,440.00"}},"LF",{"v":0.1,"d":"10%"},{"$f":"(F81*D81)+D81","v":{"v":1584,"d":"1584.00"}},{"v":0.013,"d":"0.01"},{"v":55.54,"d":"$55.54"},{"$f":"H81*G81","v":{"v":20.592,"d":"20.59"}},{"$f":"I81*J81","v":{"v":1143.67968,"d":"$1,143.68"}},{"v":0.34,"d":"$0.34"},{"$f":"L81*G81","v":{"v":538.5600000000001,"d":"$538.56"}},{"v":0,"d":"$0.00"},{"$f":"N81*G81","v":{"v":0,"d":"$0.00"}},{"$f":"IF(D81=\"\",\"\",(K81+M81+O81))","v":{"v":1682.2396800000001,"d":"$1,682.24"}}]
[{"$f":"IF(D82=0,\"\",1+MAX(A$12:A81))","v":58},null,"#10 Wire",{"v":60,"d":"60.00"},"LF",{"v":0.1,"d":"10%"},{"$f":"(F82*D82)+D82","v":{"v":66,"d":"66.00"}},{"v":0.018,"d":"0.02"},{"v":55.54,"d":"$55.54"},{"$f":"H82*G82","v":{"v":1.188,"d":"1.19"}},{"$f":"I82*J82","v":{"v":65.98151999999999,"d":"$65.98"}},{"v":0.6,"d":"$0.60"},{"$f":"L82*G82","v":{"v":39.6,"d":"$39.60"}},{"v":0,"d":"$0.00"},{"$f":"N82*G82","v":{"v":0,"d":"$0.00"}},{"$f":"IF(D82=\"\",\"\",(K82+M82+O82))","v":{"v":105.58151999999998,"d":"$105.58"}}]
[{"$f":"IF(D83=0,\"\",1+MAX(A$12:A82))","v":59},null,"#6 Wire",{"v":210,"d":"210.00"},"LF",{"v":0.1,"d":"10%"},{"v":231,"d":"231.00"},{"v":0.027,"d":"0.03"},{"v":55.54,"d":"$55.54"},{"v":6.237,"d":"6.24"},{"v":346.40298,"d":"$346.40"},{"v":1.17,"d":"$1.17"},{"v":270.27,"d":"$270.27"},{"v":0,"d":"$0.00"},{"v":0,"d":"$0.00"},{"v":616.67298,"d":"$616.67"}]
[{"$f":"IF(D84=0,\"\",1+MAX(A$12:A83))","v":60},null,"#4 Wire",{"v":30,"d":"30.00"},"LF",{"v":0.1,"d":"10%"},{"$f":"(F84*D84)+D84","v":{"v":33,"d":"33.00"}},{"v":0.038,"d":"0.04"},{"v":55.54,"d":"$55.54"},{"$f":"H84*G84","v":{"v":1.254,"d":"1.25"}},{"$f":"I84*J84","v":{"v":69.64716,"d":"$69.65"}},{"v":1.7,"d":"$1.70"},{"$f":"L84*G84","v":{"v":56.1,"d":"$56.10"}},{"v":0,"d":"$0.00"},{"$f":"N84*G84","v":{"v":0,"d":"$0.00"}},{"$f":"IF(D84=\"\",\"\",(K84+M84+O84))","v":{"v":125.74716000000001,"d":"$125.75"}}]
[{"$f":"IF(D85=0,\"\",1+MAX(A$12:A84))","v":61},null,"#4/0L Wire",{"v":120,"d":"120.00"},"LF",{"v":0.1,"d":"10%"},{"$f":"(F85*D85)+D85","v":{"v":132,"d":"132.00"}},{"v":0.274,"d":"0.27"},{"v":55.54,"d":"$55.54"},{"$f":"H85*G85","v":{"v":36.168000000000006,"d":"36.17"}},{"$f":"I85*J85","v":{"v":2008.7707200000002,"d":"$2,008.77"}},{"v":8.57,"d":"$8.57"},{"$f":"L85*G85","v":{"v":1131.24,"d":"$1,131.24"}},{"v":0,"d":"$0.00"},{"$f":"N85*G85","v":{"v":0,"d":"$0.00"}},{"$f":"IF(D85=\"\",\"\",(K85+M85+O85))","v":{"v":3140.01072,"d":"$3,140.01"}}]
[{"$f":"IF(D86=0,\"\",1+MAX(A$12:A85))","v":62},null,"#3 Wire",{"v":60,"d":"60.00"},"LF",{"v":0.1,"d":"10%"},{"$f":"(F86*D86)+D86","v":{"v":66,"d":"66.00"}},{"v":0.049,"d":"0.05"},{"v":55.54,"d":"$55.54"},{"$f":"H86*G86","v":{"v":3.234,"d":"3.23"}},{"$f":"I86*J86","v":{"v":179.61636,"d":"$179.62"}},{"v":2.14,"d":"$2.14"},{"$f":"L86*G86","v":{"v":141.24,"d":"$141.24"}},{"v":0,"d":"$0.00"},{"$f":"N86*G86","v":{"v":0,"d":"$0.00"}},{"$f":"IF(D86=\"\",\"\",(K86+M86+O86))","v":{"v":320.85636,"d":"$320.86"}}]
[{"$f":"IF(D87=0,\"\",1+MAX(A$12:A86))","v":63},null,"#1 Wire",{"v":360,"d":"360.00"},"LF",{"v":0.1,"d":"10%"},{"v":396,"d":"396.00"},{"v":0.067,"d":"0.07"},{"v":55.54,"d":"$55.54"},{"v":26.532,"d":"26.53"},{"v":1473.58728,"d":"$1,473.59"},{"v":3.03,"d":"$3.03"},{"v":1199.8799999999999,"d":"$1,199.88"},{"v":0,"d":"$0.00"},{"v":0,"d":"$0.00"},{"v":2673.46728,"d":"$2,673.47"}]
[{"$f":"IF(D88=0,\"\",1+MAX(A$12:A87))","v":64},null,"3-1/2'' Conduit",{"v":60,"d":"60.00"},"LF",{"v":0.1,"d":"10%"},{"$f":"(F88*D88)+D88","v":{"v":66,"d":"66.00"}},{"v":0.107,"d":"0.11"},{"v":55.54,"d":"$55.54"},{"$f":"H88*G88","v":{"v":7.062,"d":"7.06"}},{"$f":"I88*J88","v":{"v":392.22348,"d":"$392.22"}},{"v":5.13,"d":"$5.13"},{"$f":"L88*G88","v":{"v":338.58,"d":"$338.58"}},{"v":0,"d":"$0.00"},{"$f":"N88*G88","v":{"v":0,"d":"$0.00"}},{"$f":"IF(D88=\"\",\"\",(K88+M88+O88))","v":{"v":730.80348,"d":"$730.80"}}]
[{"$f":"IF(D89=0,\"\",1+MAX(A$12:A88))","v":65},null,"2-1/2'' Conduit",{"v":30,"d":"30.00"},"LF",{"v":0.1,"d":"10%"},{"$f":"(F89*D89)+D89","v":{"v":33,"d":"33.00"}},{"v":0.091,"d":"0.09"},{"v":55.54,"d":"$55.54"},{"$f":"H89*G89","v":{"v":3.003,"d":"3.00"}},{"$f":"I89*J89","v":{"v":166.78662,"d":"$166.79"}},{"v":3.67,"d":"$3.67"},{"$f":"L89*G89","v":{"v":121.11,"d":"$121.11"}},{"v":0,"d":"$0.00"},{"$f":"N89*G89","v":{"v":0,"d":"$0.00"}},{"$f":"IF(D89=\"\",\"\",(K89+M89+O89))","v":{"v":287.89662,"d":"$287.90"}}]
[{"$f":"IF(D90=0,\"\",1+MAX(A$12:A89))","v":66},null,"2'' Conduit",{"v":90,"d":"90.00"},"LF",{"v":0.1,"d":"10%"},{"$f":"(F90*D90)+D90","v":{"v":99,"d":"99.00"}},{"v":0.083,"d":"0.08"},{"v":55.54,"d":"$55.54"},{"$f":"H90*G90","v":{"v":8.217,"d":"8.22"}},{"$f":"I90*J90","v":{"v":456.37218,"d":"$456.37"}},{"v":2.19,"d":"$2.19"},{"$f":"L90*G90","v":{"v":216.81,"d":"$216.81"}},{"v":0,"d":"$0.00"},{"$f":"N90*G90","v":{"v":0,"d":"$0.00"}},{"$f":"IF(D90=\"\",\"\",(K90+M90+O90))","v":{"v":673.18218,"d":"$673.18"}}]
[{"$f":"IF(D91=0,\"\",1+MAX(A$12:A90))","v":67},null,"1'' Conduit",{"v":30,"d":"30.00"},"LF",{"v":0.1,"d":"10%"},{"$f":"(F91*D91)+D91","v":{"v":33,"d":"33.00"}},{"v":0.067,"d":"0.07"},{"v":55.54,"d":"$55.54"},{"$f":"H91*G91","v":{"v":2.2110000000000003,"d":"2.21"}},{"$f":"I91*J91","v":{"v":122.79894000000002,"d":"$122.80"}},{"v":1.23,"d":"$1.23"},{"$f":"L91*G91","v":{"v":40.589999999999996,"d":"$40.59"}},{"v":0,"d":"$0.00"},{"$f":"N91*G91","v":{"v":0,"d":"$0.00"}},{"$f":"IF(D91=\"\",\"\",(K91+M91+O91))","v":{"v":163.38894000000002,"d":"$163.39"}}]
[{"$f":"IF(D92=0,\"\",1+MAX(A$12:A91))","v":68},null,"Wiring & Conduits",178.44,"LF",{"v":0.1,"d":"10%"},{"v":196.284,"d":"196.28"},{"v":0.082,"d":"0.08"},{"v":55.54,"d":"$55.54"},{"v":16.095288,"d":"16.10"},{"v":893.93229552,"d":"$893.93"},{"v":2.84,"d":"$2.84"},{"v":557.44656,"d":"$557.45"},{"v":0,"d":"$0.00"},{"v":0,"d":"$0.00"},{"v":1451.37885552,"d":"$1,451.38"}]
[{"$f":"IF(E93=0,\"\",1+MAX(A49:A92))","v":""},{"$nulls":13},"SUBTOTAL",{"$f":"SUM(P22:P92)","v":{"v":139798.25466101454,"d":"$139,798.25"}}]
[{"$f":"IF(E94=0,\"\",1+MAX(A50:A93))","v":""}]
["PROJECTED COST",{"$nulls":14},{"$f":"SUM(P11:P94)/2","v":{"v":159132.35328063284,"d":"$159,132"}}]
["OVERHEAD AND PROFIT",{"$nulls":13},{"v":0.2,"d":"20%"},{"$f":"$P$95*O96","v":{"v":31826.47065612657,"d":"$31,826"}}]
["INSURANCE",{"$nulls":13},{"v":0.03,"d":"3%"},{"$f":"$P$95*O97","v":{"v":4773.970598418985,"d":"$4,774"}}]
["CONTINGENCY",{"$nulls":13},{"v":0.05,"d":"5%"},{"$f":"$P$95*O98","v":{"v":7956.617664031643,"d":"$7,957"}}]
["SUGGESTED BID",{"$nulls":14},{"$f":"SUM(P95:P98)","v":{"v":203689.41219921006,"d":"$203,689"}}]
["NOTES:"]
[null,"General Notes: The prices used while preparing the estimate were taken from RSMeans online i.e. the standard pricing. So, it is preferred to review the prices."]
[]
[null,null,"Note",{"$nulls":9},"Legend"]
[null,1,"The drawings are scaled as per the mentioned scales on the plans.",{"$nulls":9},"LBS = Pound "]
[{"$nulls":12},"SF= Square Feet"]
[{"$nulls":12},"LF = Linear Feet"]
[{"$nulls":12},"EA = Each"]
[{"$nulls":12},"CY = Cubic Yard"]
[{"$nulls":12},"SY = Square Yard"]
[{"$nulls":12},"LOC = Location"]
[{"$nulls":12},"LS = Lum Sum"]